000 01269nam a22003497a 4500
999 _c21488
_d21488
003 AR-CdUCM
008 190220b ||||| |||| 00| 0 spa d
020 _a9789972517167
040 _aMUNICIPALIDAD PROVINCIAL DEL CUSCO
_cBIBLIOTECA MUNICIPAL DEL CUSCO
082 _a339.460/A37
_bA37
100 _aÚrsula Aldana
_945017
245 _aDesigualdad y pobreza en un contexto de crecimiento económico /
_cÚrsula Aldana, Jhonatan Clausen, Angelo Cozzubo ... [et al.].
260 _aLima :
_bInstituto de Estudios Peruanos, IEP,
_c2018.
300 _a307 páginas. :
_bilustraciones ;
_c21 cm.
440 _aSerie Análisis Económico,
_n31.
_945018
500 _zBibliografía: p. [285]-304.
650 _aPobreza
_94721
650 _aDistribución del ingreso
_944715
650 _aIgualdad
_92595
650 _aDesarrollo económico
_91696
650 _aAncianos
_945019
650 _aCondiciones económicas
_945020
650 _aCondiciones sociales
_945021
650 _aAspectos económicos
_9261
650 _aAspectos sociales
_9262
650 _aPerú
_945022
700 _aClausen, Jhonatan
_945023
700 _aCozzubo Chaparro, Angelo
_945024
710 _aInstituto de Estudios Peruanos (Lima)
_99759
942 _2ddc
_cLIBROS
945 _aRoel